Normal view
MARC view
Entry Topical Term
001 - CONTROL NUMBER
- control field: 624281
003 - CONTROL NUMBER IDENTIFIER
- control field: OSt
005 - DATE AND TIME OF LATEST TRANSACTION
- control field: 20221005112122.0
008 - FIXED-LENGTH DATA ELEMENTS
- fixed length control field: 221005|| aca||aabn | a|a d
040 ## - CATALOGING SOURCE
- Original cataloging agency: OSt
- Transcribing agency: OSt
150 ## - HEADING--TOPICAL TERM
- Topical term or geographic name entry element: ਹਰਬ॥F ਸਿੰਘ
670 ## - SOURCE DATA FOUND
- Source citation: Work cat.: (OSt)1023876: ਕਾਹਲੋ੍ਵ, ਕੁਲਦੀਪ ਸਿੰਘ, ਂਚ., ਪੰਜਾਬ ਤੇ ਕFਮੀਬ ਦਾ ਰਾਖਾ ਜਨਰਲ ਹਰਬ॥F ਸਿੰਘ, 2015
